000 01213nam a2200361 i 4500
001 457
003 KOSZ 005
005 20200115074917.0
008 040622s1975 pl a |000 0 pol
015 _aPB 1975/9372
035 _a(OCoLC)749317644
040 _aWA N
_cWA N
_dKOSZ 005/EG
_dKOSZ 005/HR
041 0 _apol
046 _k1975
080 _a544
080 _a538.9
100 1 _aDereń, Jerzy
_d(1925-1975)
_eAutor
245 1 0 _aChemia ciała stałego /
_cJerzy Dereń, Jerzy Haber, Roman Pampuch ; rozdz. 6 napisał Edward Goerlich.
260 _aWarszawa :
_bPańst. Wydaw. Naukowe,
_c1975.
300 _a676 s. :
_bil., tab., wykr., err. ;
_c24 cm.
380 _aKsiążki.
504 _aBibliogr.
650 4 _aChemia fizyczna
650 4 _aCiało stałe
658 _aFizyka i astronomia
658 _aChemia
700 1 _aHaber, Jerzy
_d(1930-2010)
_eAutor
700 1 _aPampuch, Roman
_d(1927-2017)
_eAutor
700 1 _aGoerlich, Edward
_eAutor
710 2 _aPaństwowe Wydawnictwo Naukowe
_4pbl.
856 _uhttp://koha.tu.koszalin.pl/cgi-bin/koha/opac-detail.pl?biblionumber=457
_yKatalog online BPK
942 _2UKD
_cKS
999 _c457
_d457